The UK property index. - 1st quarter 1997 - 4th quarter 1997 (Record no. 96524)

MARC details
000 -LEADER
fixed length control field 00805cam a2200301 4500
001 - CONTROL NUMBER
control field J84906
008 - FIXED-LENGTH DATA ELEMENTS--GENERAL INFORMATION
fixed length control field 090401t1997 xxu||||| |||| 00| 0 eng d
035 ## - SYSTEM CONTROL NUMBER
System control number (Sirsi) u79319
041 ## - LANGUAGE CODE
Language code of text/sound track or separate title eng
050 ## - LIBRARY OF CONGRESS CALL NUMBER
Classification number 333.33016
110 ## - MAIN ENTRY--CORPORATE NAME
Corporate name or jurisdiction name as entry element Jones Lang Wootton
9 (RLIN) 2909
245 #4 - TITLE STATEMENT
Title The UK property index. - 1st quarter 1997 - 4th quarter 1997
260 ## - PUBLICATION, DISTRIBUTION, ETC.
Place of publication, distribution, etc. London
Name of publisher, distributor, etc. Jones Lang Wootton
Date of publication, distribution, etc. 1997
300 ## - PHYSICAL DESCRIPTION
Extent 4 pt. ; 30cm.
350 ## - PRICE (NR) (BK AM CF MU VM SE) [OBSOLETE]
Price 0
520 ## - SUMMARY, ETC.
Summary, etc. Includes Long Term Data Series.
650 ## - SUBJECT ADDED ENTRY--TOPICAL TERM
Topical term or geographic name entry element CAPITAL VALUES
650 ## - SUBJECT ADDED ENTRY--TOPICAL TERM
Topical term or geographic name entry element INDUSTRIAL PROPERTY
650 ## - SUBJECT ADDED ENTRY--TOPICAL TERM
Topical term or geographic name entry element LONG TERM DATA SERIES
650 ## - SUBJECT ADDED ENTRY--TOPICAL TERM
Topical term or geographic name entry element OFFICES
650 ## - SUBJECT ADDED ENTRY--TOPICAL TERM
Topical term or geographic name entry element PROPERTY INDEX
650 ## - SUBJECT ADDED ENTRY--TOPICAL TERM
Topical term or geographic name entry element PROPERTY INVESTMENT
650 ## - SUBJECT ADDED ENTRY--TOPICAL TERM
Topical term or geographic name entry element RENTAL VALUES
650 ## - SUBJECT ADDED ENTRY--TOPICAL TERM
Topical term or geographic name entry element SHOPS
690 ## - LOCAL SUBJECT ADDED ENTRY--TOPICAL TERM (OCLC, RLIN)
Topical term or geographic name as entry element PROPERTY-COMMERCIAL PROPERTY
942 ## - ADDED ENTRY ELEMENTS (KOHA)
Suppress in OPAC 0
948 ## - LOCAL PROCESSING INFORMATION (OCLC); SERIES PART DESIGNATOR (RLIN)
c (OCLC) 01/07/1997
Holdings
Withdrawn status Lost status Source of classification or shelving scheme Damaged status Not for loan Home library Current library Shelving location Date acquired Total Checkouts Full call number Barcode Date last seen Copy number Price effective from Koha item type
    Dewey Decimal Classification     London London Property market reports 14/09/1999   PROPERTY MARKET REPORTS 30052910 06/08/2019 1 06/08/2019 Reference material
    Dewey Decimal Classification     London London Property market reports 14/09/1999   PROPERTY MARKET REPORTS 30053595 06/08/2019 2 06/08/2019 Reference material
    Dewey Decimal Classification     London London Property market reports 14/09/1999   PROPERTY MARKET REPORTS 30054233 06/08/2019 3 06/08/2019 Reference material
    Dewey Decimal Classification     London London Property market reports 14/09/1999   PROPERTY MARKET REPORTS 30054993 06/08/2019 4 06/08/2019 Reference material